000 01050cam a2200337 a 4500
001 2558
003 FISK9780590528375H
005 20240610125545.0
008 940401s1994 cau j 000 1 eng
010 _a 94011256
020 _a9780590528375
040 _aDLC
_cDLC
_dDLC
_beng
042 _alcac
050 0 0 _aPZ7.S7242
_bJe 1994
082 0 0 _a[Fic]
_220
100 1 _aSoto, Gary.
245 1 0 _aJesse /
_cby Gary Soto.
250 _aFirst Scholastic printing, June 1996
260 _aNew York :
_bScholastic,
_c1994
300 _a166 pages :
_c18 cm
505 _aQ
520 _aTwo Mexican American brothers hope that junior college will help them escape their heritage of tedious physical labor.
521 8 _a900
_bLexile
521 8 _aQ
_bRaz-Plus
650 0 _aMexican Americans
_vJuvenile fiction.
650 1 _aMexican Americans
_vFiction.
650 1 _aBrothers
_vFiction.
650 1 _aUniversities and colleges
_vFiction.
906 _a7
_bcbc
_corignew
_d1
_eocip
_f19
_gy-gencatlg
942 _2ddc
_cBK
_n0
999 _c2558
_d2558